A tenda vermelha / (Record no. 200)

MARC details
000 -LÍDER
campo de controle de tamanho fixo 02200nam a2200325 4500
001 - NÚMERO DE CONTROLE
campo de controle 200
003 - IDENTIFICADOR DO NÚMERO DE CONTROLE
campo de controle OSt
005 - DATA E HORÁRIO DA ÚLTIMA TRANSAÇÃO
campo de controle 20250528074014.0
008 - CAMPO DE DADOS FIXOS--INFORMAÇÃO GERAL
campo de controle de tamanho fixo 250203b |||||||e |||| 00| 1 eng d
020 ## - ISBN - INTERNATIONAL STANDARD BOOK NUMBER
ISBN - International Standard Book Number 8599296078
040 ## - FONTE DA CATALOGAÇÃO
Idioma da catalogação por
041 ## - CÓDIGO DE IDIOMA
Código do idioma do original e/ou traduções intermediárias do texto eng
Código do idioma do texto/trilha sonora ou título diferente por
082 ## - CDD - CLASSIFICAÇÃO DECIMAL DE DEWEY
Número de Classificação 813
Número do exemplar D537t
100 1# - ENTRADA PRINCIPAL--NOME PESSOAL
Nome pessoal Diamant, Anita,
Datas associadas ao nome 1951-
9 (RLIN) 368
240 ## - TÍTULO UNIFORME
Título uniforme The red tent
245 ## - TÍTULO
Título A tenda vermelha /
Indicação de responsabilidade, etc. Diamant, Anita ; Tradução de Maria Luiza Newlands Silveira e Marcia Claudia Reynaldo Alves
260 ## - PUBLICAÇÃO, DISTRIBUIÇÃO, ETC.
Local de publicação, distribuição, etc. Rio de Janeiro
Nome do editor, distribuidor, etc. Sextante
Data da publicação, distribuição, etc. 2006
300 ## - DESCRIÇÃO FÍSICA
Extensão 297 p.
520 ## - NOTA DE RESUMO, ETC.
Resumo, etc. Na Bíblia, as mulheres ocupam um lugar à sombra, por isso ficamos privados de sua sensibilidade na descrição dos acontecimentos. Numa narrativa envolvente, Anita Diamant resgata esse olhar feminino e dá vida às personagens bíblicas, recriando o ambiente em que viveram, seu cotidiano, suas provações e suas paixões.<br/><br/>Filha de Jacó e Lia, Dinah - cuja trajetória é apenas sugerida no Livro do Gênese - é a figura central desta trama, que começa com a história das quatro esposas de Jacó, a quem ela chama de "mães": Lia, Raquel, Zilpah e Bilah. O amor delas e o legado que lhe transmitem servem de apoio durante a fase de trabalho duro da juventude, no ofício de parteira e na vida nova em uma terra estrangeira.<br/><br/>À medida que cresce, Dinah observa tudo o que se passa no deserto: as conquistas, a rivalidade entre os irmãos, a sensualidade intuída, a aspereza do relacionamento entre os homens, a complexidade dos sentimentos das mulheres, a construção de um povo descrita a partir da saga de um núcleo familiar. De espectadora, ela passa a protagonista, e são seus amores, medos, descobertas e perdas que vão sendo narrados no cenário mais amplo de um mundo bíblico de caravanas, pastores, agricultores, príncipes, escravos e artesãos.
650 #0 - ASSUNTO--TERMO TÓPICO
Cabeçalho tópico ou nome geográfico Literatura Americana
9 (RLIN) 84
650 #0 - ASSUNTO--TERMO TÓPICO
Cabeçalho tópico ou nome geográfico Religião
9 (RLIN) 100
650 #0 - ASSUNTO--TERMO TÓPICO
Cabeçalho tópico ou nome geográfico Histórico
9 (RLIN) 53
650 #0 - ASSUNTO--TERMO TÓPICO
Cabeçalho tópico ou nome geográfico Emponderamento
9 (RLIN) 32
650 #0 - ASSUNTO--TERMO TÓPICO
Cabeçalho tópico ou nome geográfico Polêmica
9 (RLIN) 117
655 #0 - TERMO DE ÍNDICE--GÊNERO E FORMA
Gênero/forma/ou termo foco Romance
655 #0 - TERMO DE ÍNDICE--GÊNERO E FORMA
Gênero/forma/ou termo foco Ficção
700 ## - ENTRADA ADICIONADA - NOME PESSOAL
Nome pessoal Maria Luiza Newlands da Silveira
Função do autor por extenso Tradutor
9 (RLIN) 180
700 ## - ENTRADA ADICIONADA - NOME PESSOAL
Nome pessoal Maria Claudia Reynaldo Alves
Função do autor por extenso Tradutor
9 (RLIN) 369
942 ## - ELEMENTOS DE ENTRADA ADICIONADOS (KOHA)
Fonte de classificação ou esquema de arquivamento Classificação decimal de Dewey
Ocultar no OPAC Não
Tipo de material Koha Livros
Holdings
Situação do descarte Situação das perdas Fonte de classificação ou esquema de arquivamento Status danificado Não pode ser emprestado Coleção Biblioteca de origem Biblioteca atual Localização na estante Data de aquisição Fonte de aquisição Total de empréstimos Número de chamada completo Código de barras Data de último acesso Número do exemplar Data do preço efetivo Tipo de material Koha
    Classificação decimal de Dewey     Ficção Biblioteca Professor Eduardo Afonso de Castro Biblioteca Professor Eduardo Afonso de Castro Literatura Estrangeira 04.09.2014 doação   813 / D537t 2025-14964 31.01.2025 Ex. 01 31.01.2025 Livros
    Classificação decimal de Dewey     Ficção Biblioteca Professor Eduardo Afonso de Castro Biblioteca Professor Eduardo Afonso de Castro Literatura Estrangeira 31.05.2016 doação   813 / D537t 2025-15330 31.01.2025 Ex. 02 31.01.2025 Livros

Powered by Koha